000 00243nam a2200097Ia 4500
001 1212265
005 20250827024451.0
008 250824s9999 xx 000 0 und d
245 0 _aSARIKASNAK
_cVECDİ ÇIRACIOĞLU
260 _bEVEREST YAYINLARI
999 _c1212265
_d1212265